| 000 | 01234nam a2200385 a 4500 | ||
|---|---|---|---|
| 003 | AR-BaBNM | ||
| 005 | 20251128210053.0 | ||
| 008 | 082120s2002 ||||||||||||||000 | spa|| | ||
| 020 | _a950-08-0727-0 | ||
| 040 | _cAR-BaBNM | ||
| 100 | 1 | _aBayard, Robert T. | |
| 245 | 0 | 0 |
_a¡Socorro! ¡tengo un hijo adolescente! _buna guía práctica de supervivencia para padres desesperados |
| 250 | _a18ª ed. | ||
| 260 |
_aBuenos Aires _bAtlantida _c1995 |
||
| 300 |
_a226 p. _bil. |
||
| 500 | _aContiene apéndice A: las preguntas que hacen los padres p. 205-209 | ||
| 500 | _aContiene apéndice B: padres frente al problema: sus experiencias p. 211-226 | ||
| 650 | 4 | _aEDUCACION DE LOS PADRES | |
| 650 | 4 | _aEDUCACION FAMILIAR | |
| 650 | 4 | _aADOLESCENCIA | |
| 650 | 4 | _aADOLESCENTES | |
| 650 | 4 | _aCARACTERISTICAS PSICOLOGICAS | |
| 650 | 4 | _aRELACION PADRES-HIJOS | |
| 650 | 4 | _aRELACIONES FAMILIARES | |
| 650 | 4 | _aACTITUD FAMILIAR | |
| 650 | 4 | _aVALORES | |
| 650 | 4 | _aPROBLEMAS DE LA COMUNICACION | |
| 650 | 4 | _aNORMAS | |
| 650 | 4 | _aPROBLEMAS DE COMPORTAMIENTO | |
| 653 | _aORIENTACION EDUCATIVA | ||
| 700 | 1 | _aBayard, Jean | |
| 700 | 1 |
_aPläcking de Salcedo, Dorotea L. _etraductor |
|
| 942 | _cBK | ||
| 998 | _cRaquel | ||
| 999 |
_c13900 _d13900 |
||